000 00760nam a2200181Ia 4500
008 100920s9999 xx 000 0 und d
082 _b102788
_a150 न 08
100 _aअनु. भुर्के श्याम.
245 _aद माइंर्ड जीम व्यायामशाळा पण मनाची.
260 _bमेहतापब्लिशिंग हाऊस. पुणे.
_c2008
300 _a254
_bसाधी
365 _b200
520 _aशाउ.
630 _aद माइंर्ड जीम व्यायामशाळा पण मनाची.
650 _aशाउ.
730 _aद माइंर्ड जीम व्यायामशाळा पण मनाची.
942 _cBOOK
999 _c743220
_d743217